000 00355 a2200169 4500
001 182851
020 _a978-85-08-13203-4
040 _cMagnum
100 _aRabelo, Laurinho
240 1 0 _aPoesia brasileira
_lpor
245 1 0 _aPoesia brasileira
300 _a176
362 0 _a2011
440 1 _aÁtica
697 _aLITERATURA GERAL
942 _cBK
999 _c182851
_d182851